Jak využít partnerství se školami v rozvojových zemích : inspirace k realizaci průřezových témat, výchova k myšlení v evropských a globálních souvislostech, multikulturní výchova /

Hlavní autor: Kašová, Jitka, 1951-
Jazyk: Čeština
Vydáno: Praha : Člověk v tísni, 2006
Vydání: Vyd. 1.
Témata:
Fyzický popis: 15 s. : il. ; 21 cm
Knihy
Uloženo v:
LEADER 01910nam a2200481 a 4500
001 nkc20071704341
003 CZ PrNK
005 20070629151633.0
007 ta
008 070110s2006 xr a e f 000 0 cze
015 |a cnb001704341 
020 |a 80-86961-21-4  |q (brož.)  |z 978-80-86961-21-7 
040 |a ABA001  |b cze 
043 |a e-xr---  |a d------ 
072 7 |a 37  |x Výchova a vzdělávání  |2 Konspekt  |9 22 
080 |a 37.043.2  |2 MRF 
080 |a 373.3  |2 MRF 
080 |a 37.014.542  |2 MRF 
080 |a (437.3)  |2 MRF 
080 |a (1-773)  |2 MRF 
080 |a (072)  |2 MRF 
100 1 |a Kašová, Jitka,  |d 1951-  |7 xx0055263  |4 aut 
245 1 0 |a Jak využít partnerství se školami v rozvojových zemích :  |b inspirace k realizaci průřezových témat, výchova k myšlení v evropských a globálních souvislostech, multikulturní výchova /  |c Jitka Kašová 
250 |a Vyd. 1. 
260 |a Praha :  |b Člověk v tísni,  |c 2006 
300 |a 15 s. :  |b il. ;  |c 21 cm 
650 0 7 |a multikulturní výchova  |7 ph829799  |z Česko  |2 czenas 
650 0 7 |a základní školy  |7 ph116795  |z Česko  |2 czenas 
650 0 7 |a základní školy  |7 ph116795  |z rozvojové země  |2 czenas 
650 0 7 |a vzdělávací projekty  |7 ph242428  |z Česko  |2 czenas 
650 0 7 |a vzdělávací projekty  |7 ph242428  |z rozvojové země  |2 czenas 
650 0 9 |a multicultural education  |z Czechia  |2 eczenas 
650 0 9 |a elementary schools  |z Czechia  |2 eczenas 
650 0 9 |a elementary schools  |z developing countries  |2 eczenas 
650 0 9 |a educational projects  |z Czechia  |2 eczenas 
650 0 9 |a educational projects  |z developing countries  |2 eczenas 
655 7 |a metodické příručky  |7 fd132826  |2 czenas 
655 9 |a methodological manuals  |2 eczenas 
910 2 |a BOA001  |b 2-1185.643 
990 |a BK 
995 |a 01 
991 |b 200704  |c NOV 
996 6 |b 2610308043  |c 2-1185.643  |l MZK  |r Sklad / do 1 hodiny  |n 12  |p p.v.  |w 000847218  |u 000010  |a 1  |e BOA001  |j MZK50  |s P